| 000 | 00999nam a2200253Ia 4500 | ||
|---|---|---|---|
| 003 | OSt | ||
| 005 | 20221005103648.0 | ||
| 006 | a|||||r|||| 00| 0 | ||
| 007 | ta | ||
| 008 | 221004b |||||||| |||| 00| 0 hin d | ||
| 020 |
_a9788179752463 (hbk) _c350 |
||
| 024 | _a100836 | ||
| 037 |
_b402, 22/03/2010, Swaraj Prakashan _cTextual |
||
| 040 |
_aCRL _cCRL _bhin |
||
| 041 |
_2hin _ahin |
||
| 082 | _aO152,6N12:g, P9 | ||
| 100 | _aपरिहार, कालूराम | ||
| 245 | 0 | _aहिंदी आलोचना की परंपरा और डॉ. रामविलास शर्मा | |
| 246 | _aHiandī ālochanā kī paranparā aur ḍaॉ. Rāmavilās sharmā | ||
| 260 |
_aदिल्ली _bअनामिका पब्लिर्शस भारत _c2009 |
||
| 300 |
_a184पृ0 _ccm. |
||
| 942 |
_hO152,6N12:g, P9 _cTEXL _2cc |
||
| 999 |
_c1010544 _d1010544 |
||